[Event "It (open) \"]
[Site "masterchessopen.com – Salonika (Greece)"]
[Date "2002.12.29"]
[Round "9"]
[White "Karayannis Athanasios (GRE)"]
[Black "Tsivelekidis Georgios (GRE)"]
[Result "1-0"]
[WhiteElo "2390"]
[BlackElo "2119"]

1.d4 Nf6 2.c4 e6 3.Nf3 b6 4.e3 Bb7 5.Bd3 c5 6.O-O Be7 7.Nc3 O-O 8.d5 exd5
9.cxd5 d6 10.e4 Ba6 11.Bxa6 Nxa6 12.Re1 Nc7 13.a4 a6 14.Qd3 Re8 15.h3 Bf8
16.Bg5 Rb8 17.e5 dxe5 18.Nxe5 Qd6 19.Bxf6 Qxf6 20.Nd7 Qd4 21.Qg3 Rxe1+ 22.Rxe1
Re8 23.Rxe8 Nxe8 24.Qb8 Qd2 25.Qxe8 Qc1+ 26.Nd1 {#r} 1-0

[Event "Ukrainian Games"]
[Site "masterchessopen.com – Alushta (Ukraine)"]
[Round "7"]
[White "Ryskal Vladimir (UKR)"]
[Black "Nazarevich Vitaly (UKR)"]
[Result "1-0"]
[WhiteElo "2161"]
[BlackElo "2347"]

1.d4 Nf6 2.Nf3 e6 3.c4 b6 4.e3 Bb7 5.Bd3 Be7 6.Nc3 c5 7.O-O cxd4 8.exd4 O-O
9.d5 h6 10.Bf4 exd5 11.cxd5 Nxd5 12.Nxd5 Bxd5 13.Bh7+ Kxh7 14.Qxd5 Na6 15.Qd3+
{#r} 1-0

[Event "It (open) \"]
[Site "masterchessopen.com – Belgrade (Yugoslavia)"]
[Round "3"]
[White "Scekic Milos (SRB)"]
[Black "Paulic Damir (SRB)"]
[Result "1-0"]
[WhiteElo "2405"]
[BlackElo "2119"]

1.d4 Nf6 2.c4 e6 3.Nf3 b6 4.e3 Bb7 5.Bd3 d5 6.O-O c5 7.cxd5 exd5 8.b3 Bd6
9.Nc3 Nbd7 10.Bb2 O-O 11.Rc1 Ne4 12.Qe2 a6 13.Rfd1 Qe7 14.dxc5 Nxc3 15.Qc2
Nxd1 16.Bxh7+ Kh8 17.cxd6 Qxd6 18.Rxd1 Nf6 19.Bf5 Qc6 20.Qe2 Ne4 21.Ne5 Qh6
22.Bxe4 dxe4 23.Rd7 {#r} 1-0

[Event "Ch Netherlands (open)"]
[Site "masterchessopen.com – Dieren (Netherlands)"]
[Round "8"]
[White "Janssen Ruud (NED)"]
[Black "Werle Jan (NED)"]
[Result "1-0"]
[WhiteElo "2482"]
[BlackElo "2457"]

1.d4 Nf6 2.c4 e6 3.Nf3 b6 4.e3 Bb7 5.Bd3 Be7 6.O-O d5 7.cxd5 exd5 8.b3 O-O
9.Nc3 c5 10.Bb2 Na6 11.Rc1 Nc7 12.dxc5 bxc5 13.Na4 Nd7 14.Ne5 Nxe5 15.Bxe5 Ne6
16.Bf5 Rc8 17.Qg4 g6 18.Bxe6 fxe6 19.Qxe6+ Rf7 20.Rfd1 Rc6 21.Qg4 h5 22.Qe2
Re6 23.f4 Qf8 24.Qc2 Rxe5 25.fxe5 Qh6 26.Re1 {#r} 1-0

[Event "It (open) (juniors)"]
[Site "masterchessopen.com – Hallsberg (Sweden)"]
[Round "3"]
[White "Vovk Oksana (DEN)"]
[Black "Carlsson Pontus (SWE)"]
[Result "0-1"]
[WhiteElo "2153"]
[BlackElo "2360"]

1.d4 Nf6 2.c4 e6 3.Nf3 b6 4.e3 Bb7 5.Bd3 Be7 6.O-O O-O 7.Nbd2 d5 8.Qc2 c5
9.cxd5 exd5 10.b3 Nc6 11.Ba3 cxd4 12.Bxe7 Qxe7 13.Nxd4 Nxd4 14.exd4 Qa3 15.Qc1
Qa5 16.Qb2 Ne4 17.Rfd1 Rac8 18.f3 Nc3 19.Rdc1 Qb4 20.a3 Qxd4+ 21.Kh1 Qxd3 {#R}
0-1

[Event "It (open)"]
[Site "masterchessopen.com – Kharkov (Ukraine)"]
[Round "1"]
[White "Shalimov Valery (UKR)"]
[Black "Yeremenko Andrei (UKR)"]
[Result "1-0"]
[WhiteElo "2445"]
[BlackElo "2037"]

1.d4 Nf6 2.Nf3 b6 3.c4 e6 4.e3 Bb7 5.Bd3 Be7 6.O-O O-O 7.Nc3 d5 8.cxd5 exd5
9.b3 Nbd7 10.Bb2 c6 11.Rc1 Bd6 12.e4 dxe4 13.Nxe4 Bf4 14.Rc2 Rc8 15.g3 Bb8
16.Ne5 c5 17.Nxd7 Nxd7 18.dxc5 bxc5 19.Qh5 Ne5 20.Nf6+ {#r} 1-0

[Event "It (open)"]
[Site "masterchessopen.com – Lausanne (Switzerland)"]
[Round "3"]
[White "Conrad Vincent (SUI)"]
[Black "Buehler Beat (SUI)"]
[Result "0-1"]
[WhiteElo "1972"]
[BlackElo "2225"]

1.Nf3 Nf6 2.d4 e6 3.c4 b6 4.e3 Bb7 5.Bd3 Bb4+ 6.Bd2 Bxd2+ 7.Nbxd2 d6 8.O-O
Nbd7 9.e4 e5 10.b4 exd4 11.Nxd4 Ne5 12.Qe2 O-O 13.Bc2 Re8 14.f4 Nc6 15.Nxc6
Bxc6 16.e5 dxe5 17.fxe5 Qd4+ 18.Kh1 Rxe5 19.Qf2 Qxf2 20.Rxf2 Ng4 21.Rff1 Re2
{#R} 0-1

[Event "It (open)"]
[Site "masterchessopen.com – Pedrido (Spain)"]
[Round "4"]
[White "Nanu Ciprian-Costica (ROM)"]
[Black "Dimitrov Vladimir (BUL)"]
[Result "1-0"]
[WhiteElo "2459"]
[BlackElo "2434"]

1.d4 Nf6 2.Nf3 e6 3.c4 b6 4.e3 Bb4+ 5.Bd2 a5 6.Bd3 Bb7 7.O-O O-O 8.Qc2 d5
9.cxd5 exd5 10.Ne5 Bd6 11.Nc3 Na6 12.a3 c5 13.Nb5 Bb8 14.b3 Qe8 15.Bc3 Ne4
16.Bb2 f6 17.f3 Ng5 18.Ng4 h5 19.Nf2 Bc6 20.f4 Nf7 21.Qe2 Nh6 22.Rac1 Kh8
23.a4 {#r} 1-0

[Event "It (open)"]
[Site "masterchessopen.com – Schwarzach (Austria)"]
[Round "5"]
[White "Riedel Wolfgang (GER)"]
[Black "Steiner Stefan (AUT)"]
[Result "1-0"]
[WhiteElo "2306"]
[BlackElo "2159"]

1.d4 Nf6 2.c4 e6 3.Nf3 b6 4.e3 Bb7 5.Bd3 c5 6.O-O Be7 7.Nc3 d5 8.cxd5 Nxd5
9.e4 Nxc3 10.bxc3 Nc6 11.Be3 cxd4 12.cxd4 O-O 13.a3 Bf6 14.Bb1 Na5 15.Ra2 Ba6
16.Re1 Rc8 17.d5 exd5 18.e5 Be7 19.Nd4 Nc6 20.Qc2 {#r} 1-0

[Event "Ch Poland (team) (1 liga)"]
[Site "masterchessopen.com – Ustron (Poland)"]
[Round "0"]
[White "Jakubowski Marcin (POL)"]
[Black "Staniszewski Piotr (POL)"]
[Result "1-0"]
[WhiteElo "2229"]
[BlackElo "2428"]

1.d4 Nf6 2.Nf3 e6 3.c4 b6 4.e3 Bb7 5.Bd3 d5 6.Nbd2 Nbd7 7.Qc2 c5 8.b3 Rc8
9.O-O Bd6 10.Bb2 O-O 11.Rac1 Qe7 12.Qb1 cxd4 13.exd4 Bf4 14.Rcd1 Rfd8 15.Rfe1
Nf8 16.Ne5 Ba8 17.Bf1 Ng6 18.Ndf3 dxc4 19.bxc4 Nxe5 20.Nxe5 Nd7 {#r} 1-0

[Event "Bundesliga (2nd) North 2002/03"]
[Site "masterchessopen.com – Germany"]
[Date "2003.01.12"]
[Round "4"]
[White "Von Herman Ulf (GER)"]
[Black "Stefansson Hannes (ISL)"]
[Result "0-1"]
[WhiteElo "2407"]
[BlackElo "2549"]

1.d4 Nf6 2.c4 e6 3.Nf3 b6 4.e3 Bb7 5.Bd3 d5 6.O-O Bd6 7.Nc3 O-O 8.b3 Nbd7
9.Bb2 a6 10.Rc1 Ne4 11.Na4 f5 12.Qe2 dxc4 13.bxc4 Qe8 14.Nc3 e5 15.c5 exd4
16.c6 Bxc6 17.Nxd4 Ndc5 18.Bc4+ Kh8 19.Nxc6 Qxc6 20.Nxe4 Qxe4 21.Rfd1 Qe7
22.Bd5 Rad8 23.Qh5 Ne4 24.Bxe4 fxe4 25.Rd5 Bxh2+ {#R} 0-1

[Event "It (open) \"]
[Site "masterchessopen.com – Ballarat (Australia)"]
[Date "2003.03.10"]
[Round "6"]
[White "Smerdon David (AUS)"]
[Black "Wallace John Paul (AUS)"]
[Result "1-0"]
[WhiteElo "2425"]
[BlackElo "2410"]

1.d4 Nf6 2.Nf3 e6 3.c4 b6 4.e3 c5 5.Nc3 g6 6.e4 cxd4 7.Nxd4 d6 8.Bg5 Nbd7
9.Ndb5 h6 10.Bh4 Bb7 11.Nxd6+ Bxd6 12.Qxd6 Nxe4 13.Nxe4 Qxh4 14.Nc3 Qe7 15.Nb5
Qxd6 16.Nxd6+ Ke7 17.Nxb7 Rab8 18.c5 bxc5 19.Ba6 {#r} 1-0

[Event "It (open)"]
[Site "masterchessopen.com – Balatonlelle (Hungary)"]
[Date "2003.06.27"]
[Round "7"]
[White "Chatalbashev Boris (BUL)"]
[Black "Szabo Zsolt Jozsef (HUN)"]
[Result "1-0"]
[WhiteElo "2554"]
[BlackElo "2439"]

1.d4 Nf6 2.Nf3 e6 3.c4 b6 4.e3 Bb7 5.Nc3 d5 6.cxd5 exd5 7.Bb5+ c6 8.Bd3 Be7
9.O-O O-O 10.b3 Ba6 11.Bb2 Qc8 12.Ne5 Qb7 13.Rc1 Bxd3 14.Qxd3 Nbd7 15.e4 dxe4
16.Nxe4 c5 17.Nxf6+ Bxf6 18.Ng4 Bxd4 19.Bxd4 cxd4 20.Qxd4 Nc5 21.Rc3 Rad8
22.Nf6+ Kh8 23.Rh3 {#r} 1-0

[Event "Memorial Narciso Yepes (open)"]
[Site "masterchessopen.com – Lorca (Spain)"]
[Round "6"]
[White "Hoffman Alejandro (ARG)"]
[Black "Damljanovic Branko (SRB)"]
[Result "1-0"]
[WhiteElo "2472"]
[BlackElo "2578"]

{ Hoffman Alejandro (ARG) +12 =3 -3 Damljanovic Branko (SCG) +1 =1 -0 } 1.d4
Nf6 2.c4 e6 3.Nf3 b6 4.e3 Bb7 5.Bd3 d5 6.O-O ( 6.b3 Bd6 7.Bb2 O-O 8.O-O Nbd7
9.Nc3 a6 10.Rc1 Qe7 11.Bb1 Rad8 12.Qe2 c5 13.Rfd1 cxd4 14.exd4 Ba3 15.Bxa3
Qxa3 16.Ne5 Rfe8 17.Qf3 Qe7 18.Re1 Nf8 19.Qe3 dxc4 20.bxc4 N6d7 21.Be4 Bxe4
22.Nxe4 Rc8 23.Nxd7 Nxd7 24.c5 bxc5 25.dxc5 Rc6 { ...0-1, Hoffman Alejandro
2494 - Stohl Igor 2500 , Vrnjacka Banja 1989 It (cat.7) } ) 6...Nbd7 7.Nc3 {
?/= } 7...a6 ( 7...Bd6 8.b3 O-O 9.Bb2 Re8 10.cxd5 exd5 11.Nb5 Bf8 12.Rc1 c5
13.Rc2 a6 14.Nc3 Ne4 15.Ne2 Rc8 16.Nf4 b5 17.dxc5 Ndxc5 18.Nd4 Nxd3 19.Rxc8
Qxc8 20.Qxd3 b4 21.Nde2 Rd8 22.Rc1 Qd7 23.Ng3 Rc8 24.Nxe4 Rxc1+ 25.Bxc1 Qc6
26.Nc5 Qxc5 27.Bb2 { ...1/2-1/2, Damljanovic Branko 2587 - Hracek Zbynek 2601
, Budva 2002 Ch Yugoslavia (team) } ) ( 7...Be7 8.Qe2 O-O 9.e4 dxe4 10.Nxe4 c5
11.Rd1 Qc7 12.Bg5 Rfe8 13.dxc5 bxc5 14.Rd2 h6 15.Bh4 Nxe4 16.Bxe4 Bxh4 17.Nxh4
Bxe4 18.Qxe4 Rad8 { 1/2-1/2, Tal Mikhail 2650 - Karpov Anatoly 2705 , Riga
1975 Olympiad URS } ) 8.cxd5 ( 8.b3 Bd6 9.Bb2 O-O 10.Qc2 dxc4 11.bxc4 Bxf3
12.gxf3 c5 13.f4 cxd4 14.Ne4 Nxe4 15.Bxe4 Rc8 16.Rad1 Nf6 17.Rxd4 Qc7 18.Bf3
Bc5 19.Rd3 Be7 20.Rc1 Nd7 21.Qb1 Nc5 22.Be5 Qa7 23.Rd2 Rfd8 24.Rxd8+ Rxd8
25.Rd1 f6 26.Rxd8+ Bxd8 27.Bd6 { 1/2-1/2, Krivoshey Sergei 2501 - Ruck Robert
2556 , Griesheim 2003 It (cat.11) } ) ( 8.Qe2 dxc4 9.Bxc4 b5 10.Bb3 c5 11.Rd1
Qc7 12.e4 cxd4 13.Nxd4 Nc5 14.e5 Nfd7 15.Bf4 Be7 16.Bc2 b4 17.Ne4 Nxe4 18.Bxe4
Nc5 19.Rac1 Qb6 20.Bxb7 Qxb7 21.Qg4 g6 22.Bg5 Rc8 23.Bxe7 h5 24.Qf4 Qxe7
25.Qf3 { 1-0, Kharitonov Andrei V 2561 - Gorbatov Alexej 2439 , Leningrad 1991
It (open) } ) 8...exd5 9.Qc2 ( 9.b3 Bd6 10.Bb2 Ne4 11.Ne2 Qe7 12.Rc1 O-O-O
13.Ng3 g6 14.Qe2 a5 15.Ba6 Nxg3 16.hxg3 Nb8 17.Bb5 f6 18.Rc3 Rhg8 19.Rfc1 Rg7
20.Ne1 Rh8 21.Nd3 h5 22.Qf3 Qe6 23.Nf4 Qg4 24.Be2 Qxf3 25.Bxf3 Bxf4 26.gxf4
Na6 27.a3 f5 28.b4 axb4 { ...1-0, Harikrishna P 2500 - Zagrebelny Sergey 2536
, Istanbul 2000 Olympiad } ) ( 9.Ne5 Nxe5 10.dxe5 Ne4 11.Nxe4 dxe4 12.Qa4+ Qd7
13.Qxd7+ Kxd7 14.Bc4 Ke8 15.Rd1 Bc5 16.Bd2 a5 17.a3 a4 18.e6 fxe6 19.Bxe6 Ke7
20.Bc4 Rhd8 21.Bc3 g5 22.Rxd8 Rxd8 23.Bb5 Ra8 24.Rd1 c6 25.Bc4 b5 26.Ba2 Bb6
27.Be5 Rd8 28.Rxd8 Bxd8 { ...1/2-1/2, Belikov Vladimir 2494 - Baramidze David
2426 , Dortmund 2003 Match } ) 9...Be7 10.e4 { N ^254 ^00 ^00 ^00 ^04 !? } (
10.b3 O-O 11.Bb2 Bd6 12.Ne2 Re8 13.Rac1 g6 14.Ne5 c5 15.Nxd7 Nxd7 16.Ng3 Qh4
17.Rfd1 Rac8 18.dxc5 bxc5 19.Bc4 Nb6 20.Bf1 { 1/2-1/2, Izoria Zviad 2565 -
Baklan Vladimir 2605 , Batumi 2002 Ch Europe } ) 10...dxe4 11.Nxe4 O-O 12.Re1
Bb4 13.Re2 Nxe4 14.Bxe4 Bxe4 15.Rxe4 Bd6 { ?! } ( 15...h6 { !? } 16.Bf4 Rc8
17.a3 Bd6 { } ) 16.Bg5 f6 17.Bd2 { ?! } ( 17.Rh4 { !? } 17...g6 18.Qb3+ Kh8
19.Bh6 { } ) 17...Re8 18.Rae1 Rxe4 19.Qxe4 Nf8 20.h4 Rb8 21.h5 Qd7 22.h6 g6
23.d5 Rd8 { ? } ( 23...Qf7 { ! } 24.Nd4 Nd7 25.Ne6 Re8 { } ) 24.Bc3 Qf7 25.Ng5
{ +3.75 CAP } {#r} 1-0

[Event "Ch Wales"]
[Site "masterchessopen.com – Cardiff (Wales)"]
[Date "2004.04.10"]
[Round "3"]
[White "Taylor Robert Graham (WLS)"]
[Black "Williams Arthur H (WLS)"]
[Result "0-1"]
[WhiteElo "2047"]
[BlackElo "2347"]

1.d4 Nf6 2.c4 e6 3.Nf3 b6 4.e3 Bb7 5.Bd3 d5 6.O-O Bd6 7.Nc3 O-O 8.Qe2 Ne4
9.Rd1 Nd7 10.Bd2 a6 11.Be1 Qe7 12.a3 c5 13.Rac1 Rfd8 14.Nd2 Nxd2 15.Rxd2 cxd4
16.exd4 Bf4 17.cxd5 Nf6 18.dxe6 Qxe6 19.Qxe6 fxe6 20.Bc4 Kf7 21.Bxe6+ Kxe6
22.Re2+ Kf7 23.Rd1 Rac8 24.Na4 Nd5 25.Nc3 Re8 {#R} 0-1

[Event "It (open)"]
[Site "masterchessopen.com – Bratislava (Slovakia)"]
[Date "2004.04.18"]
[Round "9"]
[White "Pacher Milan (SVK)"]
[Black "Hrivnak Daniel (CZE)"]
[Result "1-0"]
[WhiteElo "2063"]
[BlackElo "2291"]

1.d4 Nf6 2.c4 e6 3.Nf3 b6 4.e3 Bb7 5.Bd3 c5 6.O-O Be7 7.Nc3 O-O 8.d5 h6 9.e4
d6 10.h3 Nbd7 11.Be3 e5 12.Ne2 Kh7 13.g4 Ng8 14.Ng3 g6 15.Qd2 Bc8 16.Kg2 Bh4
17.Nxh4 Qxh4 18.Rh1 Ne7 19.Raf1 Rg8 20.g5 f6 21.f4 Kg7 22.fxe5 fxe5 23.gxh6+
Kh8 24.Bg5 {#r} 1-0

[Event "It (open)"]
[Site "masterchessopen.com – Saint-Quentin (France)"]
[Date "2004.04.21"]
[Round "5"]
[White "Baron Romuald (FRA)"]
[Black "Doebele Victor (FRA)"]
[Result "1-0"]
[WhiteElo "1973"]
[BlackElo "2019"]

1.d4 Nf6 2.c4 e6 3.Nf3 b6 4.e3 Bb7 5.Bd3 Be7 6.Nc3 O-O 7.O-O d5 8.Ne5 Nbd7
9.Qc2 h6 10.Nf3 c5 11.Qe2 cxd4 12.exd4 dxc4 13.Bxc4 Rc8 14.Bb3 Nb8 15.Be3 Nd5
16.Rac1 Ba6 17.Nb5 Qd7 18.a4 Rxc1 19.Rxc1 Rc8 20.Rxc8+ Bxc8 21.Ne5 Qb7 22.Qf3
Nf6 23.Qxb7 Bxb7 {#r} 1-0

[Event "Ch Poland"]
[Site "masterchessopen.com – Warsaw (Poland)"]
[Date "2004.05.04"]
[Round "10"]
[White "Kempinski Robert (POL)"]
[Black "Jaracz Pawel (POL)"]
[Result "1-0"]
[WhiteElo "2608"]
[BlackElo "2531"]

{ Kempinski Robert (POL) +7 =6 -1 } 1.d4 { 1 } 1...Nf6 2.c4 e6 3.Nf3 b6 4.e3
Bb7 5.Bd3 d5 6.b3 ( 6.O-O Bd6 7.Nc3 O-O 8.b3 Nbd7 9.Bb2 a6 10.Qe2 Ne4 11.Rac1
Qe7 12.Rfd1 f5 13.a4 Rf6 14.a5 Rh6 15.g3 Ndf6 16.axb6 cxb6 17.cxd5 exd5 18.Ne5
Bxe5 19.dxe5 Ng4 20.Bxe4 dxe4 21.Qc4+ Kh8 22.Nd5 Bxd5 23.Qxd5 Re8 24.h3 Rxh3
25.Qd7 Qxd7 { ...1-0, Kempinski Robert 2577 - Hjartarson Johann 2640 , Germany
15. 2.2004 Bundesliga 2003/04 } ) 6...Nbd7 7.O-O Bd6 8.Bb2 O-O 9.Nbd2 { = }
9...Qe7 ( 9...Ne4 10.Qc2 f5 11.cxd5 exd5 12.Ne5 Qe7 13.Ndf3 Ndf6 14.Bb5 c5
15.Bc6 Rac8 16.Bxb7 Qxb7 17.Qd3 Ng4 18.Nxg4 fxg4 19.Ne5 Bxe5 20.dxe5 Rcd8
21.Qe2 Qd7 22.Rad1 Qe6 23.f3 gxf3 24.gxf3 Ng5 25.Qg2 Nf7 26.f4 Nh6 27.h3 Nf5
28.Rfe1 d4 29.exd4 { ...1/2-1/2, Ilinsky Vladimir 2331 - Gulko Boris F 2610 ,
Manila 1992 Olympiad } ) 10.Ne5 ( 10.Rc1 Ne4 11.Bb1 f5 12.Ne5 Rad8 13.cxd5
exd5 14.Ndf3 f4 15.Qd3 Bxe5 16.dxe5 Ndc5 17.Ba3 Nxd3 18.Bxe7 Nxc1 19.Rxc1 fxe3
20.fxe3 c5 21.Bxe4 dxe4 22.Ng5 Rfe8 23.Bxd8 Rxd8 24.Rf1 Bc6 25.Rf7 Re8 26.Rc7
Rxe5 27.Rxc6 Rxg5 28.Rc8+ Kf7 29.Rc7+ Kf6 { ...1/2-1/2, Manolache Marius 2430
- Parligras Mircea 2497 , Bucharest 2002 Memorial V.Ciocaltea (cat.9) } )
10...c5 ( 10...Ne4 11.Rc1 f5 12.Ndf3 Rad8 13.Nxd7 Rxd7 14.Qe2 f4 15.exf4 Rxf4
16.Ne5 Bxe5 17.dxe5 Nc5 18.Bb1 dxc4 19.bxc4 Qg5 20.f3 Na4 21.c5 Rb4 22.h4 Qf4
23.c6 Bxc6 24.Rxc6 Rxb2 25.Qe4 Qxe4 26.Bxe4 Nc5 27.Rf2 Rxf2 28.Kxf2 Nxe4+
29.fxe4 Kf7 30.Ke3 { ...0-1, Hodgson Julian M 2445 - Polgar Zsuzsa 2430 ,
Brussels 1985 It (cat.9) } ) 11.Nxd7 ( 11.f4 Rad8 12.Qc2 g6 13.Rae1 Rfe8
14.cxd5 Nxd5 15.Bb5 Bxe5 16.fxe5 cxd4 17.Bxd4 Rc8 18.Qb2 Rf8 19.Ne4 Nb4
20.Nf6+ Nxf6 21.exf6 Qd8 22.Rf2 Qd5 23.Bc4 Qg5 24.e4 Rxc4 25.bxc4 Nd3 26.Qe2
Nxe1 27.Qxe1 Rd8 28.Bc3 Qc5 { 1/2-1/2, Littlewood Paul E 2465 - Smith Alan A
2251 , Southport 1983 Ch Great Britain } ) ( 11.Qe2 Rad8 12.Rad1 Rfe8 13.Bc2
Nf8 14.e4 cxd4 15.Bxd4 Bb4 16.exd5 exd5 17.Ndf3 dxc4 18.bxc4 Rxd4 19.Rxd4 Bxf3
20.Qxf3 Qxe5 21.Rd3 Ne6 22.Re3 Qc7 23.Rd1 Rd8 24.Red3 Rxd3 25.Qxd3 g6 26.h3
Qe5 27.Ba4 Kg7 28.Bc6 Bc5 29.g3 Bxf2+ 30.Kg2 Bxg3 { ...0-1, Ortega Ruiz Jose
Migues 2260 - Franco Alonso Alejandro 2390 , La Algaba 2001 Ch Spain (juniors)
} ) ( 11.cxd5 Bxd5 12.e4 Bb7 13.Nxd7 Nxd7 14.e5 Bc7 15.f4 cxd4 16.Qc2 Rac8
17.Bxh7+ Kh8 18.Be4 Bxe5 19.Qd1 Bxe4 20.Nxe4 Bf6 21.Nxf6 Nxf6 22.Qxd4 Rfd8
23.Qe3 Rc2 24.Rf2 Rxf2 25.Qxf2 Ne4 26.Qc2 f5 27.Rd1 Qc5+ { 0-1, Bykhovsky
Avigdor 2420 - Har-Zvi Ronen 2495 , Tel Aviv 1996 Memorial Czerniak } )
11...Nxd7 12.cxd5 exd5 13.Nf3 { } ( 13.Qg4 Qe6 14.Bf5 Qh6 15.f4 Nf6 16.Qf3
Rae8 17.Rf2 Bc8 18.Bxc8 Rxc8 19.e4 dxe4 20.Nxe4 Nxe4 21.Qxe4 Rfe8 22.Qf5 cxd4
23.Bxd4 Re6 24.g3 Rce8 25.Rc1 Bb8 26.Kg2 R6e7 27.Rc8 Qd6 28.Bb2 Re6 29.Rxe8+
Rxe8 30.Rc2 Qd1 31.Rc8 Qe2+ 32.Kh3 Bd6 { ...0-1, Aldea Laurentiu-Ioan 2195 -
Areshchenko Alexander 2564 , Gurzuf 1999 Olympiad (children) } ) 13...Nf6 { N
} ( 13...Rfd8 14.Qe2 a5 15.a4 Nb8 16.Qc2 h6 17.Qc3 Qf6 18.Bb1 g6 19.Qd2 Qe7
20.Re1 Qf8 21.e4 dxe4 22.Bxe4 Bxe4 23.Rxe4 cxd4 24.Rxd4 Nc6 25.Rd5 Nb4 26.Qc3
Kh7 27.Rd2 Rac8 28.Qf6 Rc6 29.g3 Be7 30.Rxd8 Bxd8 31.Qd4 Bf6 32.Qd2 Rc2
33.Bxf6 { ...0-1, Safin Shukhrat 2528 - Barsov Alexei 2524 , Tashkent 1992 Ch
Uzbekistan } ) 14.Qe2 a5 15.Nh4 g6 16.a4 Ne4 17.Nf3 f5 18.Rac1 Rf7 19.Ba1 h6
20.dxc5 { ?! } ( 20.Ne5 { !? } 20...Bxe5 21.dxe5 Rff8 22.f3 { } ) 20...Bxc5 {
? } ( { ? } 20...bxc5 21.Bb2 Kh7 22.Nd2 Rb8 { } ) 21.Qb2 { ?! } ( 21.Ne5 { !?
} 21...Rf6 22.Bxe4 fxe4 23.Qb2 { } ) 21...Kh7 22.Rc2 { ?! } ( 22.Ne5 { !? }
22...Rff8 23.Qe2 Bd6 24.f4 { } ) 22...Qe6 { ?! } ( 22...f4 { !? } 23.Ne5 Rf5
24.exf4 Rxf4 { } ) 23.Bb5 Re7 24.Ne1 Ba6 { ?? } ( { ? } 24...f4 25.exf4 d4
26.Re2 Qf6 { } ) 25.Bxa6 { } {#r} 1-0

[Event "Ch Europe"]
[Site "masterchessopen.com – Antalya (Turkey)"]
[Date "2004.05.16"]
[Round "2"]
[White "Mamedjarova Zeinab (AZE)"]
[Black "Aronian Levon (ARM)"]
[Result "0-1"]
[WhiteElo "2349"]
[BlackElo "2675"]

1.d4 Nf6 2.c4 e6 3.Nf3 b6 4.e3 Bb7 5.Bd3 d5 6.O-O a6 7.Qe2 Nbd7 8.b3 Bd6 9.Bb2
O-O 10.Ne5 c5 11.Nxd7 Nxd7 12.cxd5 exd5 13.dxc5 bxc5 14.Bf5 Re8 15.Rd1 d4
16.Na3 Ne5 17.Bh3 Qh4 18.Nc4 Nf3+ 19.Kh1 Bxh2 20.Nd2 Ng1 21.Qg4 Qxh3 22.Qxh3
Nxh3 23.Kxh2 Nxf2 {#R} 0-1

[Event "It"]
[Site "masterchessopen.com – Manises (Spain)"]
[Date "2004.06.14"]
[Round "4"]
[White "Zarzo Lopez Tomas (ESP)"]
[Black "Gallardo Garcia Andres (ESP)"]
[Result "0-1"]
[WhiteElo "2238"]
[BlackElo "2331"]

1.d4 Nf6 2.Nf3 e6 3.c4 b6 4.e3 Bb7 5.Bd3 d5 6.O-O Bd6 7.Nc3 O-O 8.a3 dxc4
9.Bxc4 Nbd7 10.Re1 e5 11.e4 exd4 12.Qxd4 Bc5 13.Qd3 Ng4 14.Rf1 Nge5 15.Nxe5
Nxe5 16.Qe2 Qh4 17.h3 Rfd8 18.Bb3 Rd3 19.Be3 Bxe3 20.fxe3 Qg3 21.Rfe1 Rd2 {#R}
0-1

[Event "Cup Russia \"]
[Site "masterchessopen.com – Internet"]
[Date "2004.09.07"]
[Round "0"]
[White "Kosyrev Vladimir (RUS)"]
[Black "Landa Konstantin (RUS)"]
[Result "1-0"]
[WhiteElo "2539"]
[BlackElo "2571"]

1.d4 Nf6 2.c4 e6 3.Nf3 b6 4.e3 Bb7 5.Bd3 d5 6.b3 Bd6 7.O-O O-O 8.Bb2 Nbd7
9.Nc3 a6 10.Qe2 Qe7 11.e4 dxe4 12.Nxe4 Nxe4 13.Bxe4 Bxe4 14.Qxe4 Nf6 15.Qe2
Ba3 16.Bxa3 Qxa3 17.Rad1 Rfd8 18.Rd3 Rd6 19.Rfd1 Rad8 20.h3 a5 21.Qc2 h6 22.b4
Qxb4 23.a3 {#r} 1-0

[Event "It (open)"]
[Site "masterchessopen.com – Obrenovac (Yugoslavia)"]
[Date "2004.11.24"]
[Round "3"]
[White "Jokic Miodrag (SRB)"]
[Black "Bojovic Jovana (SRB)"]
[Result "1-0"]
[WhiteElo "2208"]
[BlackElo "1930"]

1.d4 Nf6 2.c4 e6 3.Nf3 b6 4.e3 Ba6 5.Bd3 Bb4+ 6.Nbd2 O-O 7.O-O c5 8.e4 Bxd2
9.Bxd2 d5 10.Bg5 h6 11.Bh4 e5 12.Bxf6 gxf6 13.exd5 exd4 14.Nxd4 Bxc4 15.Nf5
{#r} 1-0

[Event "It (open)"]
[Site "masterchessopen.com – Iraklion (Greece)"]
[Round "8"]
[White "Trikeriotis Paris (GRE)"]
[Black "Kourousis Epaminondas (GRE)"]
[Result "0-1"]
[WhiteElo "1864"]
[BlackElo "1989"]

1.d4 Nf6 2.Nf3 e6 3.c4 b6 4.e3 Bb7 5.Bd3 c5 6.O-O Be7 7.Nc3 d5 8.cxd5 Nxd5
9.Ne5 O-O 10.Nxd5 Qxd5 11.Qg4 Nc6 12.Rd1 Nxe5 13.dxe5 Qxe5 14.Bxh7+ Kxh7
15.Rd7 Bc6 16.Rxe7 Qd6 17.Qg5 Qd1# 0-1

[Event "Ch Slovakia (team) 2005/06 (1 liga) West"]
[Site "masterchessopen.com – Slovakia"]
[Round "6"]
[White "Pacher Milan (SVK)"]
[Black "Krajnak Robert (SVK)"]
[Result "1-0"]
[WhiteElo "2201"]
[BlackElo "2089"]

1.d4 Nf6 2.c4 e6 3.Nf3 b6 4.e3 Bb7 5.Bd3 Bb4+ 6.Nbd2 Ne4 7.O-O Nxd2 8.Bxd2
Bxd2 9.Qxd2 Bxf3 10.gxf3 Qg5+ 11.Kh1 c5 12.f4 Qe7 13.Be4 Nc6 14.d5 exd5
15.Bxd5 O-O 16.Rad1 Rad8 17.Qc3 Kh8 18.a3 Nb8 19.Rd3 d6 20.Rfd1 Nd7 21.Qd2 Nf6
22.Kg1 Qc7 23.Bg2 Ne8 24.e4 Rc8 25.e5 {#r} 1-0

[Event "Ch France (team) (nat.2) 2004/05"]
[Site "masterchessopen.com – France"]
[Date "2005.03.13"]
[Round "9"]
[White "Navrotescu Catalin (ROM)"]
[Black "Primel Dominique (FRA)"]
[Result "1-0"]
[WhiteElo "2392"]
[BlackElo "2082"]

1.d4 Nf6 2.Nf3 e6 3.c4 b6 4.e3 Bb7 5.Nc3 d5 6.cxd5 Nxd5 7.Bb5+ c6 8.Bd3 Be7
9.e4 Nxc3 10.bxc3 O-O 11.O-O c5 12.Bb2 cxd4 13.cxd4 Nc6 14.Qe2 Rc8 15.Rfd1 Nb4
16.Bb1 Ba6 17.Qd2 Nc6 18.d5 exd5 19.exd5 Na5 20.Qf4 Nc4 21.Bxg7 Kxg7 22.Qg4+
Kh8 23.Qf5 {#r} 1-0

[Event "Ch Europe (qualification)"]
[Site "masterchessopen.com – Warsaw (Poland)"]
[Date "2005.07.02"]
[Round "1"]
[White "Izoria Zviad (GEO)"]
[Black "Palac Mladen (CRO)"]
[Result "1-0"]
[WhiteElo "2646"]
[BlackElo "2571"]

1.d4 Nf6 2.c4 e6 3.Nf3 b6 4.e3 Bb7 5.Nc3 a6 6.Rb1 c5 7.Bd3 d5 8.cxd5 cxd4
9.exd4 Nxd5 10.O-O Be7 11.Re1 Nd7 12.a3 O-O 13.Ne4 Rc8 14.Bd2 Qc7 15.Ne5 N7f6
16.Ng5 b5 17.Rc1 Qb6 18.Nd7 Qxd4 19.Bc3 Nxc3 20.Rxc3 Qxd7 21.Bxh7+ Kh8 22.Rd3
Qc6 23.Be4 Nxe4 24.Rh3+ {#r} 1-0

[Event "Ch Ireland"]
[Site "masterchessopen.com – Dublin (Ireland)"]
[Date "2005.07.11"]
[Round "3"]
[White "Mcphillips Karl (IRL)"]
[Black "O'Donovan Richard (IRL)"]
[Result "1-0"]
[WhiteElo "2240"]
[BlackElo "2157"]

1.d4 Nf6 2.c4 e6 3.Nf3 b6 4.e3 Bb7 5.Bd3 d5 6.O-O Bd6 7.Nc3 O-O 8.b3 Ne4 9.Ne2
Nd7 10.Bb2 f5 11.Ne5 Bxe5 12.dxe5 g5 13.cxd5 Bxd5 14.b4 g4 15.Nf4 Ng5 16.Nxd5
exd5 17.Ba6 Qe7 18.Qxd5+ Qe6 19.Bc4 Rae8 20.Qd4 {#r} 1-0